Вертолет (Запис номер 46279)
[ съкратено ]
| 000 -Лидер | |
|---|---|
| Контролно поле с фиксирана дължина | 01404nam a2200337 c 4500 |
| 003 - Код на организацията, давaща контролен номер | |
| Контролно поле | BLK |
| 005 - Дата и час на последна редакция | |
| Контролно поле | 20180420221722.0 |
| 008 - Елементи от данни с фиксирана дължина | |
| fixed length control field | 180408b bul|||||r ||||||| ||bul|| |
| 010 ## - Наследен системен номер | |
| LC control number | KNG00050084000 |
| 040 ## - Източник на каталожния запис | |
| Идентификатор на билиотеката - собственик на записа | BLK |
| 041 ## - Код за език | |
| Код за езика на текст/звукозапис или на отделно заглавие | Български |
| Код за езика КДБФ | Български |
| 080 ## - УДК | |
| Текстов определител УДК | Воден спорт. Въздушен спорт |
| УДК код - определител по УДК | 797 |
| УДК определител | (02.062) |
| УДК - код + определител | 797(02.062) |
| 100 1# - Редна дума - Автор | |
| Автор | Баев, Лев Константинович |
| Авторска отговорност | първи автор |
| R(LIN) | 280719 |
| 139 ## - Редно поле | |
| Редна дума | Баев, Лев Константинович |
| Авторски знак | Баг - Б 13 |
| 245 10 - Сведения за заглавието | |
| Заглавие | Вертолет |
| Редно поле (дума) | Лев Константинович Баев; прев. от рус. Т. Ив. Иванов. |
| 257 ## - Страна на издаване | |
| Страна на създаване/издаване | СССР |
| 260 ## - Област на издателските данни | |
| -- | София |
| Име на издателя, разпространителя и проч. | Държ. изд. за физкулт. и спортно-техн. лит. |
| Година на издаване | 1956 |
| Печатница | София : 9 септември |
| 300 ## - Физическа характеристика | |
| Страници | 53 с. |
| Илюстрации и др. | с ил. |
| Размери/Мащаб | 20 см |
| 380 ## - Жанр | |
| Жанр | 793/799 Спорт |
| 490 1# - СЕРИИ (Колекции) | |
| Име на серия | Библиотека Популярни технически знания |
| №: серия | N 3 |
| 650 #4 - Допълнително описание по предмет – тема | |
| Основно описание – тема или топоним | Вертолети - пилотиране - автоматизация |
| 9 (RLIN) | 280721 |
| 650 #4 - Допълнително описание по предмет – тема | |
| Основно описание – тема или топоним | Вертолети - история |
| 9 (RLIN) | 268618 |
| 653 ## - Ключова дума – ненормативна | |
| Ключова дума | вертолети |
| 653 ## - Ключова дума – ненормативна | |
| Ключова дума | научно-популярни книги |
| 700 1# - Други автори (авторска отговорност) | |
| Лично име | Иванов, Т. Ив. |
| Автороска отговорност (Описва отношението между автора и произведението) | прев. от рус. |
| 9 (RLIN) | 280720 |
| 852 ## - Местоположение | |
| Форматна сигнатура | Цб 3815 |
| 856 4# - Електронен адрес и достъп | |
| Електронен формат | pdf - файл |
| Път до файла /url/ | |
| 856 4# - Електронен адрес и достъп | |
| Електронен формат | pdf - файл |
| Път до файла /url/ | |
| 942 ## - АРТИКУЛИ | |
| Вид на библиотечния материал | Книги |
| Скрит в OPAC | Не |
| 944 ## - СЪЗДАВАНЕ И РЕДАКЦИЯ на ЗАПИСА | |
| Създаване/Редакция | Създаване |
| Дата на регистрацията/редакция | 26.02.2016 |
| Служител, извършил регистрацията/редакцията | Милена_Ачева |
| 944 ## - СЪЗДАВАНЕ И РЕДАКЦИЯ на ЗАПИСА | |
| Създаване/Редакция | Редакция |
| Дата на регистрацията/редакция | 26.02.2016 |
| Служител, извършил регистрацията/редакцията | Милена_Ачева |
| 999 ## - СИСТЕМНИ КОНТРОЛНИ НОМЕРА | |
| Koha biblionumber | 46279 |
| Koha biblioitemnumber | 46279 |
| Код за отписване | Код за изгубен артикул | Източник на класификационната схема | Код за повреда | Коз за рестрикции | Код за отдаване | Артикулен № | Име на библиотеката - собственик | Име на библиотеката, в която се намира в момента | Статус (Текущо местоположение) | Дата на вписване в системата | Местоположение - отдел | Цена в лева | Инвентарен номер | Систематично азбучна сигнатура | Баркод | Номер на екземпляра | Цена в евро | Служебна бележка | Служебен тип на артикула |
|---|---|---|---|---|---|---|---|---|---|---|---|---|---|---|---|---|---|---|---|
| Не е изгубен | Universal Decimal Classification | Не е повреден | без рестрикции | ползва се в читалня | 73136 | Регионална библиотека "Любен Каравелов" Русе | Регионална библиотека "Любен Каравелов" Русе | Хранилище | 1956-01-01 | Основен фонд - ползва се само за читалня | 0.10 | 10140/57 | Цб 3815 | 900000051215 | 1 | 0.05 | Вид: Сф N: стар фонд Дата: 01.01.1956 | Книги | |
| Изтеглен | Не е изгубен | Universal Decimal Classification | Не е повреден | без рестрикции | заемане за дома | 73137 | Регионална библиотека "Любен Каравелов" Русе | Регионална библиотека "Любен Каравелов" Русе | Заемна - подръчен фонд | 1956-01-01 | Заемна - подръчен фонд | 0.00 | 561/57-пф | П 797/Б 13 | 561/57-пф | 2 | 0.00 | Вид: Сф N: стар фонд Дата: 01.01.1956 | Книги |
| Изтеглен | Не е изгубен | Universal Decimal Classification | Не е повреден | без рестрикции | заемане за дома | 73138 | Регионална библиотека "Любен Каравелов" Русе | Регионална библиотека "Любен Каравелов" Русе | Заемна - подръчен фонд | 1956-01-01 | Заемна - подръчен фонд | 0.00 | 562/57-пф | П 797/Б 13 | 562/57-пф | 3 | 0.00 | Вид: Сф N: стар фонд Дата: 01.01.1956 | Книги |